[Event "Czech GM Open A"]
[Site "Pardubice CZE"]
[Date "2011.07.22"]
[Round "1.64"]
[White "Lyell,M"]
[Black "Recuero Guerra,D"]
[Result "0-1"]
[WhiteElo "2224"]
[BlackElo "2441"]

1.d4 Nf6 2.Bg5 e6 3.e3 c5 4.c3 cxd4 5.exd4 Be7 6.Nf3 b6 7.Nbd2 O-O 8.Qc2 d6
9.h4 Nbd7 10.Bd3 Bb7 11.O-O-O Rc8 12.Kb1 Kh8 13.Ne4 Nxe4 14.Bxe4 Bxe4 15.Qxe4 Rc7
16.g4 b5 17.Qd3 a6 18.a4 bxa4 19.Qxa6 f6 20.Be3 Qb8 21.Qd3 Rfc8 22.Bd2 Rb7
23.Bc1 Rb3 24.Ng5 Nf8 25.Ne4 d5 26.Nc5 Bxc5 27.dxc5 Rxc5 28.Rh3 a3  0-1

[Event "Czech GM Open A"]
[Site "Pardubice CZE"]
[Date "2011.07.22"]
[Round "1.99"]
[White "Sabol,M"]
[Black "Mukashev,A"]
[Result "1-0"]
[WhiteElo "2372"]
[BlackElo "2153"]

1.d4 Nf6 2.Bg5 e6 3.e4 d5 4.e5 h6 5.Be3 Nfd7 6.c4 dxc4 7.Bxc4 Nb6 8.Bb3 c5
9.Nf3 Nc6 10.O-O cxd4 11.Nxd4 Nxe5 12.Qh5 Nc6 13.Rd1 Nxd4 14.Rxd4 Qc7 15.Nc3 Bd7
16.Rc1 g6 17.Qd1 Bc6 18.Nb5 Qe5 19.Nxa7 Rxa7 20.Rd8+ Ke7 21.Bc5+ Qxc5 22.Rxc5  1-0

[Event "III Corporation Cup A"]
[Site "Izhevsk RUS"]
[Date "2011.07.23"]
[Round "8"]
[White "Chernyuk,Mikhail"]
[Black "Lepkasov,V"]
[Result "1-0"]
[WhiteElo "2263"]
[BlackElo "2173"]

1.d4 Nf6 2.Bg5 e6 3.e4 h6 4.Bxf6 Qxf6 5.Nc3 Qd8 6.Qd2 d5 7.exd5 exd5 8.Qe2+ Be7
9.Qe5 Nc6 10.Qxg7 Bf6 11.Qg3 Nxd4 12.O-O-O Be6 13.Nge2 Nf5 14.Qf3 c6 15.Nd4 Qa5
16.Nxe6 fxe6 17.Bd3 Rf8 18.Bxf5 Bg5+ 19.Kb1 Rxf5 20.Qe2 Kd7 21.Ne4 Re8 22.Nxg5 Rxg5
23.g3 Kc8 24.f4 Rf5 25.Rde1 Qb4 26.Qg4 Qf8 27.Re2 Kb8 28.Rhe1 e5 29.fxe5 Rexe5
30.Rxe5 Rxe5 31.Qd1 Rf5 32.a3 Rf2 33.Qh5 Rf1 34.Qe5+ Kc8 35.Ka2 Rxe1 36.Qxe1 Qf7
37.Qe2 b6 38.Kb1 Kc7 39.Qh5 c5 40.Qh3 h5 41.Qg2 Qf5 42.h3 Kd7 43.g4 hxg4
44.hxg4 Qg5 45.Qf3 Kd6 46.Qf8+ Ke5 47.Qb8+ Ke4 48.Qxa7 Qf6 49.Qh7+ Kf4 50.Qh2+ Kxg4
51.Qg2+ Kf4 52.Qxd5  1-0

[Event "III Corporation Cup A"]
[Site "Izhevsk RUS"]
[Date "2011.07.23"]
[Round "8"]
[White "Papayan,O"]
[Black "Yaksin,O"]
[Result "0-1"]
[WhiteElo "2285"]
[BlackElo "2414"]

1.d4 Nf6 2.Bg5 e6 3.e4 h6 4.Bxf6 Qxf6 5.Nc3 d6 6.Qd2 c6 7.f4 e5 8.dxe5 dxe5
9.f5 Qd6 10.O-O-O Qxd2+ 11.Rxd2 Bc5 12.Kb1 b5 13.Nf3 Nd7 14.Nxb5 cxb5 15.Bxb5 Rb8
16.a4 a6 17.Bc6 Bd4 18.Nxd4 exd4 19.Rxd4 Ke7 20.b4 Ne5 21.Bd5 Rd8 22.c3 Bd7
23.a5 Nc6 24.Rd2 Ne5 25.Kb2 Bb5 26.Rd4 Rdc8 27.Kb3 Rc7 28.c4 Bc6 29.Kc3 Rbc8
30.Re1 f6 31.Kb3 Rb8 32.Kc3 Bb5 33.Kb3 Be8 34.Ka3 Rbc8 35.Rc1 Nc6 36.Rd3 Rb8
37.Rb3 Ne5 38.Rg3 Kf8 39.Kb3 Nc6 40.Ka3 Rcb7 41.Rb1 Rxb4 42.Rxb4 Nxb4 43.Rb3 Nc2+
44.Ka2 Rxb3 45.Kxb3 Nd4+ 46.Kb4 Nc6+ 47.Kc5 Nxa5 48.Kb6 Nb3 49.c5 Nxc5 50.Kxc5 Ke7
51.g4 a5 52.h4 a4 53.g5 Bf7 54.gxf6+ gxf6 55.Bxf7 Kxf7 56.Kb4 Ke7 57.Kxa4 Kd6
58.Kb4 Ke5 59.Kc3 Kxe4  0-1

[Event "2nd ch-Vojvodina"]
[Site "Novi Sad SRB"]
[Date "2011.07.24"]
[Round "1.7"]
[White "Okilj,T"]
[Black "Sertic,Ru"]
[Result "0-1"]
[WhiteElo "1998"]
[BlackElo "2406"]

1.d4 Nf6 2.Bg5 e6 3.e4 h6 4.Bxf6 Qxf6 5.Nc3 Bb4 6.Qd2 d6 7.O-O-O O-O 8.Nf3 Nd7
9.Be2 c5 10.a3 Bxc3 11.Qxc3 Qf4+ 12.Qe3 Qxe3+ 13.fxe3 a6 14.Bd3 b5 15.c3 Bb7
16.Rde1 Rac8 17.Kb1 Rfe8 18.Rhf1 Rcd8 19.h3 Nf6 20.Nd2 e5 21.d5 c4 22.Be2 Nd7
23.g4 Nc5 24.h4 f6 25.Rf2 Bc8 26.Rg1 Rf8 27.Rh2 g6 28.Kc2 Kh7 29.Bf3 Bd7
30.Nf1 f5 31.gxf5 gxf5 32.Rhg2 Rg8 33.Ng3 fxe4 34.Be2 Bh3 35.Rf2 Rg7 36.Bh5 Rdg8
37.Rf7 Rxf7 38.Bxf7 Rg7 39.Be8 Bd7 40.Bh5 Bg4 41.Be8 Bf3 42.h5 Rg5 43.Bg6+ Kg8
44.Kd2 Nd3 45.Kc2 Nf2  0-1

[Event "Sparkassen Open A"]
[Site "Dortmund GER"]
[Date "2011.07.25"]
[Round "3.38"]
[White "Kartsev,So"]
[Black "Elefteriadis,P"]
[Result "1-0"]
[WhiteElo "2182"]
[BlackElo "1905"]

1.d4 Nf6 2.Bg5 e6 3.Nf3 h6 4.Bh4 d6 5.c4 Nbd7 6.Nc3 g5 7.Bg3 Nh5 8.e4 Bg7
9.Qd3 Qe7 10.O-O-O Nxg3 11.hxg3 a6 12.Kb1 b6 13.Nd2 Bb7 14.f4 O-O-O 15.b4 c5
16.bxc5 dxc5 17.d5 gxf4 18.gxf4 Qf6 19.Kc2 Qxf4 20.Be2 Qf6 21.Rdf1 Qxc3+
22.Qxc3 Bxc3 23.Kxc3 exd5 24.exd5 Rdg8 25.g4 Ne5 26.Ne4 Kc7 27.Rh5 Re8 28.Nf6 Re7
29.g5 Ng6 30.Bd3 Re5 31.Bxg6 fxg6 32.Rxh6 Re3+ 33.Kd2 Rh3 34.Rxg6 Rh2+ 35.Ke3 Rxa2
36.Rh6 Rxh6 37.gxh6 Bc8 38.Rh1 Bf5 39.h7 Ra3+ 40.Kf4 Bxh7 41.Rxh7+ Kd8 42.d6  1-0

[Event "98th ch-GBR"]
[Site "Sheffield ENG"]
[Date "2011.07.28"]
[Round "4.9"]
[White "Pert,R"]
[Black "Adair,J"]
[Result "1-0"]
[WhiteElo "2459"]
[BlackElo "2212"]

1.d4 Nf6 2.Bg5 e6 3.e4 h6 4.Bxf6 Qxf6 5.c3 d5 6.Nd2 c5 7.Ngf3 cxd4 8.Nxd4 Nc6
9.Bb5 Bd7 10.O-O Be7 11.exd5 exd5 12.Qb3 O-O 13.N2f3 Rad8 14.Qxd5 Be6 15.Qe4 Bd5
16.Qf5 Qxf5 17.Nxf5 Bf6 18.Rfd1 h5 19.Ne3 Be4 20.Be2 Be7 21.Rxd8 Rxd8 22.Rd1 Rxd1+
23.Bxd1 Bc5 24.Nd2 Bg6 25.Bf3 Ne5 26.Bxb7 Nd3 27.Ndc4 f5 28.b4 Be7 29.g3 f4
30.Nd5 Bd8 31.Nxf4 Nxf4 32.gxf4 Bf7 33.Ne5 Bxa2 34.c4 Bc7 35.Bd5+ Kf8 36.Kg2 a5
37.bxa5 Bxa5 38.Kg3 Be1 39.h4 Bc3 40.Bf3 Ke7 41.Bxh5 Kf6 42.Be2 Bxe5 43.fxe5+ Kxe5
44.Kg4 Bb1 45.Bf3 Bd3 46.Bd5 Kf6 47.Kf4 Bf1 48.c5 Bb5 49.Ke4 Ba6 50.c6 Bf1
51.Kf4 Ba6 52.Bf3 Ke6 53.Kg5 Bd3 54.Bg4+ Kd6 55.Bf5  1-0

[Event "98th ch-GBR"]
[Site "Sheffield ENG"]
[Date "2011.07.29"]
[Round "5.37"]
[White "Walton,A"]
[Black "Krzyzanowski,P"]
[Result "1/2-1/2"]
[WhiteElo "2172"]
[BlackElo "1996"]

1.d4 Nf6 2.Bg5 e6 3.e4 h6 4.Bxf6 Qxf6 5.Nc3 d6 6.Bc4 g6 7.Nge2 Bg7 8.O-O O-O
9.f4 b6 10.Qd2 Ba6 11.Bxa6 Nxa6 12.f5 Qe7 13.Nf4 Kh7 14.Rae1 Qg5 15.Re3 c5
16.Nce2 exf5 17.Nh3 Qd8 18.exf5 Nb4 19.Ref3 Nd5 20.dxc5 dxc5 21.Rd3 Re8 22.c3 Qe7
23.Ng3 Nf6 24.Rdf3 g5 25.Nf2 Rad8 26.Qc2 Kg8 27.a4 Qd7 28.Nfe4 Qc6 29.Nxf6+ Bxf6
30.Nh5 Rd5 31.Rd3 Rde5 32.Rd2 g4 33.Qd1 Bg5 34.Rd6 Qe4 35.Ng3 Qe3+ 36.Kh1 h5
37.Nxh5 Qe1 38.Ng3 Qxd1 39.Rdxd1 Bh4 40.Kg1 Bxg3 41.hxg3 Re2 42.Rf2 Re1+
43.Rxe1 Rxe1+ 44.Kh2 Rb1 45.Rf4 Rxb2 46.Rxg4+ Kf8 47.f6 Rf2 48.Rf4 Rc2 49.Re4 Rf2
50.Rf4 Rc2 51.Rh4 Ke8 52.Re4+ Kf8 53.Re7 Rf2 54.Rxa7 Rxf6 55.a5 bxa5 56.Rxa5 Rf5
57.Kh3 Ke7 58.Kg4 Re5 59.Kf4 f6 60.Ra6 Kf7 61.Rc6 Kg6 62.g4 Rd5 63.Ke4 Re5+
64.Kf4 Rd5 65.Ke4  1/2-1/2

[Event "TCh-POR 1st Div"]
[Site "Torres Vedras POR"]
[Date "2011.07.30"]
[Round "8.2"]
[White "Hennig,D"]
[Black "Ftacnik,L"]
[Result "1/2-1/2"]
[WhiteElo "2396"]
[BlackElo "2556"]

1.d4 Nf6 2.Bg5 e6 3.e3 h6 4.Bh4 d6 5.Nd2 Nbd7 6.f4 Be7 7.Qf3 c5 8.c3 Rb8
9.Bd3 b5 10.Ne2 Bb7 11.Qh3 b4 12.cxb4 cxb4 13.O-O O-O 14.g4 d5 15.Ng3 g6
16.Bxf6 Nxf6 17.f5 Kg7 18.Nf3 Nd7 19.fxe6 fxe6 20.g5 Bxg5 21.Qxe6 Qe8 22.Nxg5 hxg5
23.Qxe8 Rbxe8 24.Rxf8 Nxf8 25.Rc1 Ne6 26.Be2 Re7 27.Bg4 Rc7 28.Ne2 Rxc1+
29.Nxc1 Nc7 30.Nd3 a5 31.Nc5 Bc6 32.Ne6+ Nxe6 33.Bxe6 Kf6 34.Bg4 Bb5 35.Kf2 Bd3
36.Bf3 Ke6 37.a3 Bc2 38.axb4 axb4 39.Kg3 Bf5 40.Bg2 Kd6 41.h4 gxh4+ 42.Kxh4 Bd3
43.Kg5 Bf5 44.Kf6 Bd3 45.Bf3 Bb5 46.Kxg6 Bd3+ 47.Kf7 Bb5 48.Kf8 Bd7 49.Bh5 Bb5
50.Be8 Be2 51.Ba4 Bh5 52.Bb3 Bg6 53.Bd1 Ke6 54.Bf3 Kd6 55.Bg4 Bd3 56.Ke8 Bf1
57.Kd8 Ba6 58.Bf5 Bc4 59.Kc8 Kc6 60.Bd7+ Kd6 61.Ba4 Ke6 62.Kc7 Kf5 63.Bc2+ Kg4
64.b3 Be2 65.e4 dxe4 66.Bxe4 Kf4 67.Bc2 Bf3 68.Kb6 Ke3 69.Kc5 Kd2 70.Bf5 Kc3
71.Be6 Bd1 72.Bc4 Bxb3 73.Bxb3 Kxb3 74.d5 Kc3 75.d6 b3 76.d7 b2 77.d8=Q b1=Q
78.Qd4+ Kc2 79.Qe4+ Kc1 80.Qxb1+ Kxb1  1/2-1/2

[Event "98th ch-GBR"]
[Site "Sheffield ENG"]
[Date "2011.08.03"]
[Round "9.15"]
[White "Walton,A"]
[Black "Griffiths,R"]
[Result "0-1"]
[WhiteElo "2172"]
[BlackElo "2301"]

1.d4 Nf6 2.Bg5 e6 3.e4 h6 4.Bxf6 Qxf6 5.Nc3 d6 6.Bc4 c6 7.Nge2 d5 8.Bd3 Qd8
9.O-O Be7 10.Ng3 dxe4 11.Bxe4 Nd7 12.Bf3 Nf6 13.Nce4 O-O 14.c3 Qc7 15.Qe2 Re8
16.Rfe1 Bd7 17.Rad1 Rad8 18.Qc2 Bc8 19.Nxf6+ Bxf6 20.Be4 g6 21.Bd3 e5 22.Bc4 Kg7
23.dxe5 Bxe5 24.Rxd8 Rxd8 25.Qe2 Re8 26.Qe3 Re7 27.Kf1 b5 28.Be2 f5 29.Qc5 Bd6
30.Qd4+ Be5 31.Qc5 Qd6 32.Qxd6 Bxd6 33.Rd1 Bc7 34.Bf3 c5 35.Re1 Rxe1+ 36.Kxe1 Kf6
37.h3 Ke5 38.Nf1 g5 39.Ne3 Be6 40.a3 a5 41.Kd2 Bb6 42.Bc6 b4 43.Bb5 Bd8 44.Nc4+ Kf4
45.Ne3 bxa3 46.bxa3 h5 47.Bc6 h4 48.Kd3 g4 49.Bd5 Bc8 50.c4 gxh3 51.gxh3 Ke5
52.Bf3 Kf4 53.Bd5 Ke5 54.Bf3 Bg5 55.Nd1 Bc1 56.a4 f4 57.Bg2 Bf5+ 58.Kc3 Ba3
59.f3 Bb4+ 60.Kb3 Be1 61.Nc3 Bxc3  0-1

[Event "98th ch-GBR"]
[Site "Sheffield ENG"]
[Date "2011.08.04"]
[Round "10.8"]
[White "Palliser,R"]
[Black "Griffiths,R"]
[Result "1-0"]
[WhiteElo "2454"]
[BlackElo "2301"]

1.d4 Nf6 2.Bg5 e6 3.e4 h6 4.Bxf6 Qxf6 5.Nc3 d6 6.Qd2 c6 7.f4 e5 8.dxe5 dxe5
9.f5 Nd7 10.Nf3 Bb4 11.a3 Ba5 12.b4 Bb6 13.Na4 Bc7 14.Bd3 b5 15.Nb2 a5 16.O-O Qd6
17.Kh1 O-O 18.c4 axb4 19.axb4 Rxa1 20.Rxa1 c5 21.cxb5 cxb4 22.Nc4 Qc5 23.Rc1 Qxb5
24.Ncxe5 Qb8 25.Nc6 Bf4 26.Nxb8 Bxd2 27.Nxd2 Nxb8 28.Kg1 Rd8 29.Kf2 g6 30.fxg6 fxg6
31.Bc4+ Kg7 32.Bd5 Kf6 33.Ke3 Be6 34.Kd4 Rc8 35.Rxc8 Bxc8 36.Kc5 Nd7+ 37.Kxb4 Ke5
38.Kc3 Nf6 39.Nc4+ Kf4 40.Kd4 Ba6 41.Ne5 Nxd5 42.exd5 Kf5 43.d6 Ke6 44.d7 Ke7
45.Kc5 Bf1 46.Kc6  1-0

[Event "15th HZ Open"]
[Site "Vlissingen NED"]
[Date "2011.08.04"]
[Round "7"]
[White "Etxagibel Larranaga,A"]
[Black "De Jong,M"]
[Result "1-0"]
[WhiteElo "2017"]
[BlackElo "2376"]

1.d4 Nf6 2.Bg5 e6 3.e3 c5 4.c3 cxd4 5.exd4 Be7 6.Nd2 b6 7.Bd3 Bb7 8.Ngf3 d6
9.Bxf6 Bxf6 10.Qe2 a6 11.h4 Nd7 12.g4 h6 13.O-O-O Be7 14.g5 Nf8 15.Rhg1 hxg5
16.hxg5 g6 17.Kb1 b5 18.Rh1 Rxh1 19.Rxh1 Qb6 20.Rh4 Rc8 21.Rh8 Qc7 22.a3 Bd5
23.Ne4 Bxe4 24.Bxe4 d5 25.Bd3 Rb8 26.Ne5 Bxg5 27.Nxg6 fxg6 28.Qxe6+ Qe7 29.Bxg6+ Kd8
30.Rxf8+ Qxf8 31.Qxd5+ Kc7 32.Qxg5 Qxf2 33.Qc5+ Kd7 34.Bf5+ Ke8 35.Qe5+ Kf7
36.Qe6+  1-0

[Event "Politiken Cup"]
[Site "Helsingor DEN"]
[Date "2011.08.05"]
[Round "8.91"]
[White "Frisvold,O"]
[Black "Haug,J"]
[Result "0-1"]
[WhiteElo "1983"]
[BlackElo "1725"]

1.d4 Nf6 2.Bg5 e6 3.e4 Be7 4.Bd3 d5 5.e5 Nfd7 6.Bxe7 Qxe7 7.c3 c5 8.Ne2 Nc6
9.O-O a6 10.Nd2 b5 11.f4 g6 12.Rf3 h5 13.Qe1 Nb6 14.Qg3 Bd7 15.h4 Nc4 16.Bxc4 bxc4
17.Qg5 Rb8 18.Qxe7+ Kxe7 19.b3 cxd4 20.bxc4 Rb2 21.cxd5 exd5 22.Rd1 Bg4 23.Nxd4 Nxd4
24.cxd4 Rc8 25.Nf1 Rcc2 26.Ne3 Rxg2+ 27.Nxg2 Bxf3 28.Rc1 Rxg2+ 29.Kf1 Rxa2
30.Rc7+ Kf8 31.Rc8+ Kg7 32.Rc7 Bg4 33.Rc5 Be6 34.Ke1 Ra4 35.Rc6 Rxd4 36.Rxa6 Rxf4
37.Ke2 Rxh4 38.Kf3 Rg4 39.Rd6 h4 40.Rxe6 Rg3+ 41.Kf4 Rf3+ 42.Kxf3 fxe6 43.Kg4 g5  0-1

[Event "Politiken Cup"]
[Site "Helsingor DEN"]
[Date "2011.08.06"]
[Round "9.30"]
[White "Nielsen,Mi2"]
[Black "Sowray,P"]
[Result "0-1"]
[WhiteElo "2170"]
[BlackElo "2350"]

1.d4 Nf6 2.Bg5 e6 3.e4 h6 4.Bxf6 Qxf6 5.Qd2 d5 6.e5 Qd8 7.f4 c5 8.Nf3 Nc6
9.c3 Qb6 10.Be2 Bd7 11.O-O Rc8 12.Kh1 Be7 13.a3 cxd4 14.Nxd4 O-O 15.Bg4 Nxd4
16.cxd4 Rc4 17.Rd1 Ba4 18.Nc3 Bxd1 19.Rxd1 g6 20.Be2 Rc6 21.g4 Rfc8 22.f5 Bg5
23.Qc2 Kg7 24.Qb1 a6 25.Na4 Qb3 26.Nc5 Qe3 27.Qd3 Qxd3 28.Nxd3 Rc2 29.Bf3 b6
30.h4 Bxh4 31.fxe6 fxe6 32.Nf4 Kf7 33.Bg2 Rc1 34.Rf1 Rxf1+ 35.Bxf1 Bg5  0-1

[Event "Stilwerk Masters"]
[Site "Vienna AUT"]
[Date "2011.08.06"]
[Round "4"]
[White "Loeffler,S"]
[Black "Kopinits,A"]
[Result "1/2-1/2"]
[WhiteElo "2423"]
[BlackElo "2265"]

1.d4 Nf6 2.Bg5 e6 3.e4 h6 4.Bxf6 Qxf6 5.c3 d6 6.Bd3 Qg6 7.Qf3 e5 8.Na3 Be7
9.Nc2 exd4 10.cxd4 O-O 11.Ne3 c5 12.Nf5 Qf6 13.Nxe7+ Qxe7 14.dxc5 dxc5 15.Rc1 Be6
16.a3  1/2-1/2

[Event "MMK Krakow IM"]
[Site "Krakow POL"]
[Date "2011.08.08"]
[Round "4.5"]
[White "Druska,J"]
[Black "Fraczek,Dan"]
[Result "0-1"]
[WhiteElo "2332"]
[BlackElo "2374"]

1.d4 Nf6 2.Bg5 e6 3.Nd2 h6 4.Bh4 c5 5.e3 b6 6.Ngf3 Bb7 7.Bd3 d6 8.Qe2 a6
9.c3 Nbd7 10.O-O Qc7 11.Rac1 Be7 12.e4 e5 13.Nc4 b5 14.Ne3 c4 15.Bc2 g6 16.Nd2 Qb6
17.Rcd1 Bd8 18.Kh1 O-O 19.f4 exf4 20.Ng4 Kg7 21.Nxf6 Nxf6 22.Bxf6+ Bxf6 23.Rxf4 Bg5
24.Rf2 Rae8 25.Nf3 Bxe4 26.Bxe4 f5 27.Nxg5 hxg5 28.Qd2 Rxe4 29.Qxg5 d5 30.Rdf1 Qf6
31.Qxf6+ Kxf6 32.g3 b4 33.Kg2 a5 34.Rc2 Rb8 35.Kf2 a4 36.Rd1 bxc3 37.bxc3 a3
38.Rdc1 g5 39.Rd1 Re7 40.Rdc1 Kg6 41.Kf3 Kh5 42.h3 Kg6 43.Kf2 Kf6 44.Kf3 Rh7
45.Kg2 Rhb7 46.Kf3 Rb2 47.Ke3 Rxc2 48.Rxc2 Rb1 49.Rh2 Rg1 50.g4 f4+ 51.Kf2 Rc1
52.Kg2 Rxc3 53.Rh1 Rd3  0-1

[Event "9th Davos Open"]
[Site "Davos SUI"]
[Date "2011.08.09"]
[Round "3.4"]
[White "Bigg,A"]
[Black "James,Dav"]
[Result "1/2-1/2"]
[WhiteElo "2316"]
[BlackElo "2142"]

1.d4 Nf6 2.Bg5 e6 3.e4 h6 4.Bxf6 Qxf6 5.c3 d5 6.Nd2 c5 7.Ngf3 cxd4 8.exd5 exd5
9.Bb5+ Nc6 10.Nxd4 Be7 11.Qf3 Qxf3 12.N2xf3 Bd7 13.O-O-O O-O 14.Bxc6 Bxc6
15.Ne5 Rac8 16.Rhe1 Rfe8 17.f4 Bd6 18.g3 Bxe5 19.fxe5 Re7 20.Re2 Bd7 21.Rde1 Be6
22.a3 a6 23.Re3 Rec7 24.Kd2 Rc4 25.Ke2 b5 26.Kf3 a5 27.Nxb5 Bg4+ 28.Kf2 Rb8
29.b3 Rc5 30.a4 Bd7 31.Nd4 Rbc8 32.Rc1 Re8 33.Ke2 Rc7 34.Kd2 Rcc8 35.Rce1 Re7
36.Kd3 Rce8 37.Nb5 Rb8 38.c4 dxc4+ 39.bxc4 Be6 40.Kc3 Rc8 41.Re4 Rc5 42.Rd4 Re8
43.g4 Rec8 44.Ree4 g5 45.Nd6 Rb8 46.Nb5 Rbc8 47.Kd3 Kg7 48.h3 h5 49.Nd6 Rb8
50.Nb5 hxg4 51.hxg4 Rh8 52.Re3 Rh1 53.Nd6 Kg6 54.Kc3 Rg1 55.Ree4 Rc7 56.Nb5  1/2-1/2

[Event "27th Geraadsbergen Open"]
[Site "Geraadsbergen BEL"]
[Date "2011.08.12"]
[Round "3"]
[White "Passchyn,M"]
[Black "Sarrau,J"]
[Result "0-1"]
[WhiteElo "1914"]
[BlackElo "2239"]

1.d4 Nf6 2.Bg5 e6 3.e4 h6 4.Bxf6 Qxf6 5.Nc3 d6 6.Qd2 c6 7.f4 e5 8.dxe5 dxe5
9.fxe5 Qxe5 10.Nf3 Qc5 11.O-O-O Be7 12.Qd4 O-O 13.Qxc5 Bxc5 14.Bc4 Nd7 15.e5 Nb6
16.Bb3 a5 17.a3 Bf5 18.Rhe1 Rad8 19.Ne4 Rxd1+ 20.Kxd1 Rd8+ 21.Kc1 Be7 22.Ng3 Be6
23.Bxe6 fxe6 24.Ne4 Nc4 25.c3 Rd5 26.Nf2 a4 27.Re4 b5 28.Rd4 Kf7 29.g3 g5
30.Rxd5 exd5 31.Nd3 c5 32.Kd1 g4 33.Nd2 Ke6 34.Nxc4 bxc4 35.Nf4+  0-1

[Event "MMK Krakow IM"]
[Site "Krakow POL"]
[Date "2011.08.12"]
[Round "8.3"]
[White "Druska,J"]
[Black "Walter,S2"]
[Result "0-1"]
[WhiteElo "2332"]
[BlackElo "2344"]

1.d4 Nf6 2.Bg5 e6 3.Nd2 h6 4.Bh4 c5 5.e3 b6 6.Ngf3 Bb7 7.Bd3 cxd4 8.exd4 Be7
9.Qe2 Nd5 10.Bxe7 Qxe7 11.Be4 O-O 12.O-O f5 13.Bxd5 Bxd5 14.c4 Bxf3 15.Nxf3 Nc6
16.Rfe1 Qb4 17.Rad1 Rae8 18.d5 Na5 19.b3 Nb7 20.dxe6 Rxe6 21.Qd3 Nc5 22.Qd5 Kh7
23.Re5 Rfe8 24.h4 Ne4 25.Rxf5 Rd6 26.Qxd6 Nxd6 27.Rfd5 Re6 28.g3 Rf6 29.Kg2 Qa3
30.R1d4 Nf7 31.Rd2 Rd6 32.Rxd6 Nxd6 33.Ne5 Ne4 34.Rd4 Nc3 35.Rxd7 Qxa2 36.h5 Qe2
37.Ng6 Qxh5 38.Nf8+ Kg8 39.Ne6 Qg4 40.Rxg7+ Qxg7 41.Nxg7 Kxg7 42.Kf3 Kf6
43.Ke3 Ke5 44.g4 a5 45.f4+ Ke6 46.Kd4 Ne2+  0-1

[Event "Stare Mesto FIDE Open"]
[Site "Stare Mesto CZE"]
[Date "2011.08.12"]
[Round "1.15"]
[White "Novotny,M1"]
[Black "Vicar,Lubomir"]
[Result "1-0"]
[WhiteElo "2327"]
[BlackElo "1811"]

1.d4 Nf6 2.Bg5 e6 3.e4 Be7 4.Nd2 O-O 5.Bd3 b6 6.Qf3 Bb7 7.Qh3 g6 8.Ngf3 d5
9.e5 Ne4 10.Bxe7 Qxe7 11.O-O Nd7 12.Rfe1 f5 13.exf6 Ndxf6 14.Bxe4 Nxe4 15.Nxe4 dxe4
16.Ne5 Qf6 17.Qg3 Rad8 18.Rad1 Qf4 19.c3 Kg7 20.Nc4 Rd5 21.Ne3 Rd7 22.Rd2 Rdf7
23.Qxf4 Rxf4 24.Nf1 Ba6 25.g3 e3 26.Rxe3 R4f6 27.Re5 h5 28.h4 Bb7 29.f4 Rd8
30.Ne3 Kf7 31.Nc2 Rf5 32.Rde2 Bf3 33.R2e3 Rxe5 34.Rxe5 Bg4 35.Kf2 Bf5 36.Ne1 c5
37.Nf3 c4 38.Rb5 Rd5 39.Ne5+ Ke8 40.Nxc4  1-0

[Event "10th Lichtenberger Sommer"]
[Site "Berlin GER"]
[Date "2011.08.17"]
[Round "5.40"]
[White "Franzke,A"]
[Black "Kabitzke,J"]
[Result "1-0"]
[WhiteElo "1981"]
[BlackElo "1852"]

1.d4 Nf6 2.Bg5 e6 3.e3 d5 4.Bd3 Be7 5.Nd2 c6 6.c3 O-O 7.Nh3 Nbd7 8.f4 Re8
9.O-O Nf8 10.Rf2 c5 11.Bxf6 gxf6 12.Qh5 f5 13.Nf3 Nd7 14.Nfg5 Nf6 15.Qxf7+ Kh8
16.Nxe6  1-0

[Event "5th Zupanja Open"]
[Site "Zupanja CRO"]
[Date "2011.08.19"]
[Round "5.14"]
[White "Srbis,J"]
[Black "Bosnjak,Petar"]
[Result "1-0"]
[WhiteElo "2274"]
[BlackElo "1790"]

1.d4 Nf6 2.Bg5 e6 3.e4 h6 4.Bxf6 Qxf6 5.Nc3 d6 6.Qd2 c6 7.Nf3 e5 8.O-O-O Bg4
9.Be2 Bxf3 10.Bxf3 exd4 11.Qxd4 Qxd4 12.Rxd4 Be7 13.Rhd1 Na6 14.Bg4 Nc5 15.b4 Ne6
16.Rc4 h5 17.Bf3 g6 18.b5 Nc5 19.a4 a5 20.Kd2 O-O 21.Ke2 Rfd8 22.Kf1 Rac8
23.Rb1 Bf6 24.Nd1 Nd7 25.bxc6 bxc6 26.Be2 d5 27.exd5 cxd5 28.Rxc8 Rxc8 29.Bb5 Ne5
30.Ne3 d4 31.Nd5 Kg7 32.Rd1 Rxc2 33.Nxf6 Kxf6 34.Rxd4 Ke6 35.h3 Nc6 36.Rd3 Nb4
37.Re3+ Kd6 38.g3 Rc7 39.Re8 Kc5 40.Rd8 Nc6 41.Rg8 Kb4 42.Re8 Ne7 43.Rb8 Kc5
44.Be8 Nc6 45.Rb5+ Kd6 46.Kg2 Ra7 47.Rb6 Rc7 48.Ra6 Kc5 49.g4 hxg4 50.hxg4 Nd4
51.Rxa5+ Kb4 52.Re5 Nb3 53.Re4+ Ka5 54.Rf4 Re7 55.Bxf7 Nc5 56.Bxg6 Nxa4 57.Bf7 Re5
58.Kg3 Nc3 59.Kh4 Ne4 60.Bg6 Ng5 61.Rf5  1-0

[Event "10th Lichtenberger Sommer"]
[Site "Berlin GER"]
[Date "2011.08.20"]
[Round "8.5"]
[White "Skibbe,W"]
[Black "Wendt,J"]
[Result "0-1"]
[WhiteElo "2213"]
[BlackElo "2360"]

1.d4 Nf6 2.Bg5 e6 3.Nd2 h6 4.Bh4 Nc6 5.e3 g5 6.Bg3 d6 7.c3 Bg7 8.e4 Qe7 9.Bb5 Bd7
10.Ne2 Nh5 11.Qc2 O-O 12.f3 Nb4 13.cxb4 Bxb5 14.Nc3 Nxg3 15.hxg3 Be8 16.d5 c6
17.dxc6 Bxc6 18.b5 Bd7 19.Qd3 Rac8 20.O-O d5 21.exd5 exd5 22.Qxd5 Qe3+ 23.Kh2 Be6
24.Nd1 Qe2 25.Qd6 Rfd8 26.Rf2 Qxf2  0-1

[Event "72nd ch-ARM 1st League"]
[Site "Kajaran ARM"]
[Date "2011.08.20"]
[Round "3"]
[White "Mkrtchian,L"]
[Black "Harutjunyan,G"]
[Result "0-1"]
[WhiteElo "2463"]
[BlackElo "2464"]

1.d4 Nf6 2.Bg5 e6 3.Nd2 c5 4.e3 cxd4 5.exd4 b6 6.Bd3 Bb7 7.Ngf3 Be7 8.O-O O-O
9.Re1 d6 10.Bf4 Nh5 11.Be3 Nd7 12.h3 Re8 13.c3 a6 14.a4 Nf8 15.a5 b5 16.c4 bxc4
17.Nxc4 Nd7 18.Bd2 Nhf6 19.Bf4 Qb8 20.Nfd2 Bd5 21.Qa4 Rc8 22.Rac1 Rc6 23.Ne3 Rxc1
24.Rxc1 Qxb2 25.Nxd5 Nxd5 26.Rc2 Qb7 27.Bg3 f5 28.Bc4 N7f6 29.Qb3 Qa7 30.Qd3 Nb4
31.Bxe6+ Kh8 32.Qxf5 g6 33.Qf3 Nxc2  0-1

[Event "Malaysian Open"]
[Site "Kuala Lumpur MAS"]
[Date "2011.08.22"]
[Round "6.5"]
[White "Dao Thien Hai"]
[Black "Gao Rui"]
[Result "1/2-1/2"]
[WhiteElo "2492"]
[BlackElo "2420"]

1.d4 Nf6 2.Bg5 e6 3.Nf3 c5 4.c3 Nc6 5.e3 b6 6.Nbd2 cxd4 7.exd4 Be7 8.Bd3 Bb7
9.O-O O-O 10.Re1 Nd5 11.Bxe7 Ncxe7 12.Bf1 Ng6 13.Qa4 Qc7 14.Ba6 Ndf4 15.Bxb7 Qxb7
16.Qb5 a6 17.Qf1 d6 18.g3 Nd5 19.Qd3 h6 20.Nc4 Qc6 21.Nfd2 b5 22.Ne3 Nge7
23.Nxd5 Nxd5 24.f4 Ne7 25.Nf1 Rfc8 26.Ne3 Nd5 27.f5 Nxe3 28.Rxe3 exf5 29.Qxf5 Re8  1/2-1/2

[Event "11th Metropolitan Invitational"]
[Site "Los Angeles USA"]
[Date "2011.08.23"]
[Round "1"]
[White "Siddharth,R"]
[Black "Bojkov,D"]
[Result "1/2-1/2"]
[WhiteElo "2387"]
[BlackElo "2544"]

1.d4 Nf6 2.Bg5 e6 3.e4 c5 4.d5 d6 5.Nc3 Be7 6.Bb5+ Bd7 7.Bxd7+ Qxd7 8.Nf3 exd5
9.Nxd5 Nxd5 10.Qxd5 Nc6 11.O-O Bxg5 12.Nxg5 O-O 13.Rad1 Rad8 14.c3 Ne7 15.Qb3 Qc6
16.Rfe1 d5 17.exd5 Nxd5 18.Qc2 g6 19.Qe4 Rde8 20.Qf3 Rxe1+  1/2-1/2

[Event "3rd Senica Open"]
[Site "Senica SVK"]
[Date "2011.08.23"]
[Round "3.10"]
[White "Helsen,S"]
[Black "Hecko,D"]
[Result "0-1"]
[WhiteElo "2076"]
[BlackElo "2123"]

1.d4 Nf6 2.Bg5 e6 3.e4 Be7 4.Nd2 O-O 5.Bd3 d6 6.Ngf3 Nbd7 7.e5 Nd5 8.h4 f6
9.Qe2 dxe5 10.dxe5 fxg5 11.Bxh7+ Kxh7 12.Nxg5+ Bxg5 13.hxg5+ Kg8 14.Qh5 Nf4
15.Qh7+ Kf7 16.Nf3 Rg8 17.O-O-O Qe7 18.Rh4 Ng6 19.Rh6 Ndf8  0-1

[Event "ch-FRA National B"]
[Site "Caen FRA"]
[Date "2011.08.24"]
[Round "9"]
[White "Shirazi,K"]
[Black "Abergel,T"]
[Result "1-0"]
[WhiteElo "2352"]
[BlackElo "2504"]

1.d4 Nf6 2.Bg5 e6 3.e4 c5 4.e5 h6 5.Bc1 Nd5 6.c4 Nc7 7.dxc5 Bxc5 8.Bf4 Nc6
9.Nf3 g5 10.Bg3 g4 11.Nfd2 d6 12.exd6 Bxd6 13.Qxg4 Kf8 14.Nc3 Ke8  1-0

[Event "Trade Fair Open A"]
[Site "Brno CZE"]
[Date "2011.08.26"]
[Round "7"]
[White "Kireev,Al"]
[Black "Stastny,R"]
[Result "1-0"]
[WhiteElo "2360"]
[BlackElo "2012"]

1.d4 Nf6 2.Bg5 e6 3.e3 c5 4.c3 Be7 5.Nd2 d5 6.Bd3 Nc6 7.f4 h6 8.Bh4 Nd7 9.Bxe7 Qxe7
10.Ngf3 f5 11.Ne5 Ndxe5 12.fxe5 c4 13.Bc2 O-O 14.O-O b5 15.Kh1 Bd7 16.g4 Qg5
17.gxf5 exf5 18.Qf3 Ne7 19.Rf2 Qh4 20.Rg1 g5 21.Nf1 Kh8 22.Qg3 Ng6 23.Qg2 Be6
24.Ng3 f4 25.Bxg6 Bh3 26.Qxd5 fxg3 27.Rxf8+ Rxf8 28.hxg3 Qg4 29.Qb7  1-0

[Event "10th Sunny Beach Open"]
[Site "Sunny Beach BUL"]
[Date "2011.08.27"]
[Round "1.60"]
[White "Shentov,Petar-Delian"]
[Black "Hristodorescu,D"]
[Result "1/2-1/2"]
[WhiteElo "1708"]
[BlackElo "2201"]

1.d4 Nf6 2.Bg5 e6 3.e4 h6 4.Bxf6 Qxf6 5.Nf3 d6 6.Bd3 g5 7.e5 Qd8 8.h3 Bg7
9.Nc3 a6 10.Qe2 Nc6 11.O-O-O Nb4 12.Kb1 Nxd3 13.Rxd3 d5 14.g4 c5 15.dxc5 Qa5
16.h4 gxh4 17.Rxh4 Qxc5 18.g5 Bd7 19.gxh6 Rxh6 20.Rxh6 Bxh6 21.Nh4 Bc6 22.Qh5 Qf8
23.a3 O-O-O 24.Nf3 Be8 25.Qh4 Bg7 26.Na4 f6 27.Rc3+ Kb8 28.Nc5 Qf7 29.Rb3 Bb5
30.a4 Rc8 31.axb5 Rxc5 32.bxa6 Rc7 33.axb7 Rxb7 34.Rxb7+ Kxb7 35.Qb4+ Kc8
36.Qc5+  1/2-1/2

[Event "10th Sunny Beach Open"]
[Site "Sunny Beach BUL"]
[Date "2011.08.27"]
[Round "1.64"]
[White "Petkov,Matey"]
[Black "Nguyen,Mi"]
[Result "0-1"]
[WhiteElo "1622"]
[BlackElo "2190"]

1.d4 Nf6 2.Bg5 e6 3.e4 h6 4.Bxf6 Qxf6 5.Nf3 d6 6.Bd3 Nd7 7.O-O e5 8.dxe5 dxe5
9.Nc3 c6 10.Bc4 Nb6 11.Bb3 Bg4 12.Qd3 Bxf3 13.Qxf3 Qxf3 14.gxf3 Bd6 15.Rad1 Rd8
16.Rd3 Ke7 17.Rfd1 Bc7 18.Na4 Rxd3 19.Rxd3 Nd7 20.Bxf7 b5 21.Nc3 Nc5 22.Bb3 Nxd3
23.cxd3 Rd8 24.Bc2 Bb6 25.Ne2 Rf8 26.Kg2 Kd6 27.Ng3 g6 28.Ne2 Bd4 29.b3 Bb6
30.Kg3 h5 31.Nc3 Kc5 32.Nb1 Kd4 33.h3 Ba5 34.Kg2 Bb4 35.Kg3 a5 36.a3 Bd6
37.Kg2 Rb8 38.Kg3 Rb7 39.Kh4 Be7+ 40.Kg3 g5 41.Kg2 a4 42.b4 c5 43.bxc5 Bxc5
44.Kg3 Be7 45.h4 gxh4+ 46.Kh3 Rc7 47.Bd1 Rc1  0-1